Manual para el cuidado del cáncer de mama (Registro nro. 3847)
[ vista simple ]
| 000 -Cabecera | |
|---|---|
| Campo de control de longitud fija | 00594aam a2200241 4500 |
| 005 - Fecha y hora de la última transacción | |
| Campo de control | 20250911194622.0 |
| 008 - Elementos de longitud fija--Información general | |
| Campo de control de longitud fija | 150310b2004 xxu||||| |||| 00| 0 spa d |
| 020 ## - International Standard Book Number | |
| Número Internacional Estándar del Libro (ISBN) | 0789914069 |
| 041 ## - Idioma | |
| Código de idioma | Español |
| 082 ## - Clasificación Decimal Dewey | |
| Número de clasificación | 616.994.49 K74m |
| 100 ## - Entrada principal--Autor personal | |
| Nombre personal | Knox, Sally m. |
| 245 ## - Título propiamente dicho | |
| Título | Manual para el cuidado del cáncer de mama |
| 260 ## - Pie de imprenta | |
| Lugar de publicación, distribución, etc. | España |
| 260 ## - Pie de imprenta | |
| Nombre del editor, distribuidor, etc. | Editorial Unilit |
| 260 ## - Pie de imprenta | |
| Fecha de publicación, distribución, etc. | 2007 |
| 300 ## - Descripción física | |
| Extensión | 268 páginas |
| 490 ## - Serie | |
| Título de la Serie | Temática General |
| 650 ## - Materia general | |
| Temática (materia general) | CÁNCER DE MAMA |
| 650 ## - Materia general | |
| Temática (materia general) | FACTORES DE RIESGO |
| 650 ## - Materia general | |
| Temática (materia general) | RADIOTERAPIA |
| 650 ## - Materia general | |
| Temática (materia general) | RECUPERACION |
| 942 ## - Punto de acceso adicional KOHA | |
| Tipo de ítem KOHA | Libro |
| Fuente del sistema de clasificación o colocación | Dewey Decimal Classification |
| Signatura completa | Código de barras | Programa Académico | Tipo de ítem |
|---|---|---|---|
| 616.994.49 K74m | 19065 | Temática General | Libro |